000 00337 a2200157 4500
001 60043
020 _a8508075502
040 _cAnchieta - Pituba
100 _aBrezina, Thomas
240 1 0 _aMistério em Veneza
_lpor
245 1 0 _aMistério em Veneza
300 _a84
362 0 _a2003
650 4 _aLiteratura juvenil
942 _cBK
999 _c60043
_d60043